Escritos autobiográficos 1820-1840 / (Record no. 174552)
[ view plain ]
| 000 -LEADER | |
|---|---|
| campo de control de longitud fija | 01419nam a2200325 4500 |
| 001 - NÚMERO DE CONTROL | |
| campo de control | 174552 |
| 003 - IDENTIFICADOR DE NÚMERO DE CONTROL | |
| campo de control | ES-MaACL |
| 005 - FECHA Y HORA DE LA ÚLTIMA TRANSACCIÓN | |
| campo de control | 20250819164027.0 |
| 008 - DATOS DE LONGITUD FIJA--INFORMACIÓN GENERAL | |
| campo de control de longitud fija | 100505s1988 ck |||| |bspa d |
| 020 ## - NÚMERO INTERNACIONAL ESTÁNDAR DEL LIBRO | |
| Número Internacional Estándar del Libro | 958-643-008-1 |
| 080 ## - NÚMERO DE LA CLASIFICACIÓN DECIMAL UNIVERSAL | |
| Número de la Clasificación Decimal Universal | 986.1"18"(093) |
| 080 ## - NÚMERO DE LA CLASIFICACIÓN DECIMAL UNIVERSAL | |
| Número de la Clasificación Decimal Universal | 929 Santander, Francisco de Paula |
| 100 1# - ENTRADA PRINCIPAL--NOMBRE DE PERSONA | |
| Nombre de persona | Santander, Francisco de Paula. |
| 9 (RLIN) | 142712 |
| 245 10 - MENCIÓN DEL TÍTULO | |
| Título | Escritos autobiográficos 1820-1840 / |
| Mención de responsabilidad, etc. | Francisco de Paula Santander ; [presentación, Virgilio Barco ; prólogo, Guillermo Hernández de Alba]. |
| 250 ## - MENCION DE EDICION | |
| Mención de edición | 1ª ed. |
| 260 ## - PUBLICACIÓN, DISTRIBUCIÓN, ETC. | |
| Lugar de publicación, distribución, etc. | Bogotá : |
| Nombre del editor, distribuidor, etc. | Biblioteca de la Presidencia de la República : |
| -- | Fundación Francisco de Paula Santander, |
| Fecha de publicación, distribución, etc. | 1988. |
| 300 ## - DESCRIPCIÓN FÍSICA | |
| Extensión | XXIII, 293, [4] p. : |
| Otras características físicas | il. ; |
| Dimensiones | 24 cm. |
| 490 1# - MENCIÓN DE SERIE | |
| Mención de serie | Biblioteca Presidencia de la República. |
| -- | Documentos |
| 500 ## - NOTA GENERAL | |
| Nota general | Índices. |
| 500 ## - NOTA GENERAL | |
| Nota general | Cronología. |
| 501 ## - NOTA DE CON | |
| Nota de "Con" | Con: Testamento del general Santander. |
| 594 ## - Nota al título y mención de responsabilidad | |
| Nota al título y mención de responsabilidad | Precede al tít.: Fundación para la Conmemoración del Bicentenario del Natalicio y el Sesquicentenario de la Muerte del General Francisco de Paula Santander. |
| 600 14 - PUNTO DE ACCESO ADICIONAL DE MATERIA--NOMBRE DE PERSONA | |
| Nombre de persona | Santander, Francisco de Paula. |
| 9 (RLIN) | 142712 |
| 651 #7 - PUNTO DE ACCESO ADICIONAL DE MATERIA--NOMBRE GEOGRÁFICO | |
| Nombre geográfico | Colombia- |
| Subdivisión general | Historia- |
| Subdivisión cronológica | 1810- |
| 9 (RLIN) | 142713 |
| 700 1# - ENTRADA AGREGADA--NOMBRE PERSONAL | |
| Nombre de persona | Barco, Virgilio. |
| 9 (RLIN) | 142717 |
| 700 0# - ENTRADA AGREGADA--NOMBRE PERSONAL | |
| Nombre de persona | Hernández de Alba, Guillermo, |
| Fechas asociadas al nombre | 1906-1988 |
| 9 (RLIN) | 62916 |
| 830 00 - PUNTO DE ACCESO ADICIONAL DE SERIE-TÍTULO UNIFORME | |
| Título uniforme | Biblioteca Presidencia de la República |
| 9 (RLIN) | 223702 |
| 852 4# - LOCALIZACIÓN | |
| Ubicación | BA |
| Número de control de estantería | C-57192 |
| Estatus retirado | Estado de pérdida | Estado de daño | No para préstamo | Biblioteca de origen | Biblioteca actual | Ubicación en estantería | Fecha de adquisición | Fuente de adquisición | Total de préstamos | Signatura topográfica completa | Código de barras | Visto por última vez | Precio de reemplazo | Tipo de ítem Koha |
|---|---|---|---|---|---|---|---|---|---|---|---|---|---|---|
| Biblioteca del Ateneo de Madrid | Biblioteca del Ateneo de Madrid | Depósito 2 | 05/05/2010 | C-57192 | 1183238 | 23/02/2023 | 23/02/2023 | Libro impreso |
